| 000 | 00715nam a22001937a 4500 | ||
|---|---|---|---|
| 005 | 20180413141312.0 | ||
| 010 | _aENG-122573 | ||
| 020 |
_a9789352806126 _c595.00 |
||
| 035 | _aEN-106105 | ||
| 037 | _bDBAD/PUB | ||
| 082 | _a371.58 | ||
| 100 | _aMcNamara, Barry Edwards | ||
| 245 |
_aBullying and students with disabilitiess: _cby Barry Edwards McNamara _bStrategies and techniques to create a safe learing environment for all / |
||
| 260 |
_aNew Delhi _bSage Publications _c2018 |
||
| 270 |
_aB-1/I-1, Mohan Cooperative Industrial Area, Mathura Road, _bNew Delhi _e110044 |
||
| 300 |
_a133p. _c25cm.(pbk) _bill. |
||
| 500 | _aIt include reference and index | ||
| 942 |
_2ddc _cEN _mMCN _h371.58 |
||
| 999 |
_c151184 _d151184 |
||